| 000 | 00848nam a2200265 a 4500 | ||
|---|---|---|---|
| 001 | 4977832 | ||
| 003 | OSt | ||
| 005 | 20180322141747.0 | ||
| 008 | 970911s1996 rh a b 101 0 eng | ||
| 010 | _a 97981182 | ||
| 020 | _a0908307594 | ||
| 040 |
_aDLC _cDLC |
||
| 042 | _alcode | ||
| 043 | _afb----- | ||
| 082 |
_aWB 925 _bC42 1996 |
||
| 100 |
_aEdited by K. Hostettmann [et..al] _912567 |
||
| 111 | 2 |
_aInternational IOCD--Symposium _d1996 : _910714 |
|
| 245 | 1 | 0 | _aChemistry, Biological, and Pharmacological Properties of African Medicinal Plants |
| 260 |
_a[Harare] : _bUniversity of Zimbabwe Publications, _c1996. |
||
| 300 |
_a336 p. : _bill. ; _c24 cm. |
||
| 504 | _aIncludes bibliographical references and index. | ||
| 650 | 0 |
_aMedicinal plants _910715 |
|
| 906 |
_a7 _bcbc _corigode _d3 _encip _f19 _gy-gencatlg |
||
| 942 |
_2z _cO_SHELF |
||
| 999 |
_c5005 _d5005 |
||